Every Champions League Final Man of the Match - Statistics

General Stats
  • This quiz has been taken 44 times
    23 since last reset
  • The average score is 17 of 22
Answer Stats
Year Winners Score Runners Up MOTM % Correct
2017 Real Madrid 4-1 Juventus Cristiano Ronaldo
100%
2011 FC Barcelona 3-1 Manchester United Lionel Messi
100%
2012 Chelsea 1-1 (4-3 on pens) Bayern Munich Didier Drogba
89%
2018 Real Madrid 3-1 Liverpool Gareth Bale
89%
2016 Real Madrid 1-1 (5-3 on pens) Atletico Madrid Sergio Ramos
89%
2015 FC Barcelona 3-1 Juventus Andres Iniesta
83%
2021 Chelsea 1-0 Manchester City N'Golo Kante
83%
2001 Bayern Munich 1-1 (5-4 on pens) Valencia Oliver Kahn
83%
2005 Liverpool 3-3 (3-2 on pens) AC Milan Steven Gerrard
83%
2019 Liverpool 2-0 Tottenham Hotspur Virgil Van Dijk
83%
2013 Bayern Munich 2-1 Borussia Dortmund Arjen Robben
78%
2020 Bayern Munich 1-0 Paris Saint-Germain Kingsley Coman
78%
2003 AC Milan 0-0 (3-2 on pens) Juventus Paolo Maldini
78%
2006 Barcelona 2-1 Arsenal Samuel Eto'o
78%
2022 Real Madrid 1-0 Liverpool Thibaut Courtois
78%
2014 Real Madrid 4-1 Atletico Madrid Angel Di Maria
72%
2004 FC Porto 3-0 AS Monaco Deco
72%
2010 Inter Milan 2-0 Bayern Munich Diego Milito
72%
2009 Barcelona 2-0 Manchester United Xavi
72%
2008 Manchester United 1-1 (6-5 on pens) Chelsea Edwin van der Sar
67%
2007 AC Milan 2-1 Liverpool Filippo Inzaghi
56%
2002 Real Madrid 2-1 Bayer Leverkusen Zinedine Zidane
56%
No matching quizzes found
Score Distribution
Percent of People with Each Score
Percentile by Number Answered
Your Score History
You have not taken this quiz since the last reset